000 00614nam a22002057a 4500
005 20251108170129.0
008 250721s2000 xx 000 0 ara d
082 1 4 _a004/بصب
100 1 _aبصبوص، محمد حسين
245 1 0 _aمهارات في الحاسوب /
264 1 _aعمان :
_bدار اليازوري العلمية للنشر،
_c2000.
300 _a270ص
650 1 7 _aالحواسيب
650 1 7 _aمعمارية الحاسوب
650 1 7 _aالبرمجيات
650 1 7 _aشبكات الحواسيب
650 1 7 _aنظم التشغيل
942 _2ddc
_cBK
999 _c40485
_d40485